Sesiones del pleno municipal / Federico Puig y Bosch
Publicado:
San Jorge, núm. 82 (2n trimestre 1971), pàg 42 :
MARC
| LEADER | 00000nam a2200000Ia 4500 | ||
|---|---|---|---|
| 001 | |||
| 008 | 160829s9999 xx 000 0 cat d | ||
| 100 | |a Puig y Bosch, Federico |9 29570 | ||
| 245 | |a Sesiones del pleno municipal / Federico Puig y Bosch | ||
| 260 | |a San Jorge, núm. 82 (2n trimestre 1971), pàg 42 | ||
| 610 | 1 | 0 | |a Barcelona (Catalunya : Província). |b Servicio Provincial de Extinción de Incendios |9 54956 |
| 650 | |a Esports |x Arenys de Mar |9 38342 | ||
| 650 | |a Ensenyament |x Arenys de Mar |9 40179 | ||
| 901 | |a Arxiu | ||
| 942 | |n 1 | ||
| 952 | |0 0 |1 0 |4 0 |7 1 |9 48380 |a Arxiu |b Arxiu |d 2016-12-01 |l 0 |r 2016-12-01 00:00:00 |w 2016-12-01 |y ARXIU | ||
| 999 | |c 52186 |d 52186 | ||